Central Library OPAC University of Rajshahi

Agricutlure : the science and practice of British farming./ (Record no. 75197)

MARC details
000 -LEADER
fixed length control field 00773nam a2200241 a 4500
001 - CONTROL NUMBER
control field 75197
003 - CONTROL NUMBER IDENTIFIER
rucl marc code BD-RjUL
005 - DATE AND TIME OF LATEST TRANSACTION
control field 20211209082647.0
008 - FIXED-LENGTH DATA ELEMENTS--GENERAL INFORMATION
fixed length control field 190130s1949 n a|||| b||| 001 0 eng d
035 ## - SYSTEM CONTROL NUMBER
System control number (BD-RjUL)75415
040 ## - CATALOGING SOURCE
Original cataloging agency BD-RjUL
Language of cataloging eng
Transcribing agency BD-RjUL
041 ## - LANGUAGE CODE
Language code of text/sound track or separate title eng
082 ## - DEWEY DECIMAL CLASSIFICATION NUMBER
Edition number 23
Classification number 630.941
Author mark and year WAA 1949
100 1# - MAIN ENTRY--PERSONAL NAME
Personal name Watson, James A S
9 (RLIN) 227538
245 10 - TITLE STATEMENT
Title Agricutlure : the science and practice of British farming./
Statement of responsibility, etc. James A S Watson; James A More
250 ## - EDITION STATEMENT
Edition statement 9th. ed.revised and enlarged
260 ## - PUBLICATION, DISTRIBUTION, ETC. (IMPRINT)
Place of publication, distribution, etc. London :
Name of publisher, distributor, etc. Oliver and Boyd,
Date of publication, distribution, etc. 1949
300 ## - PHYSICAL DESCRIPTION
Pagination xii, 943 p. :
Illustrations ill. ;
Size 23 cm
650 ## - SUBJECT ADDED ENTRY--TOPICAL TERM
Topical term or geographic name as entry element Agriculture
Geographic subdivision Great Britain.
9 (RLIN) 227539
Topical term or geographic name as entry element Agriculture
Geographic subdivision Great Britain
Chronological subdivision 20th century.
9 (RLIN) 227540
700 ## - ADDED ENTRY--PERSONAL NAME
Personal name More, James A
942 ## - ADDED ENTRY ELEMENTS (KOHA)
Source of classification or shelving scheme Dewey Decimal Classification
Koha item type Books
Holdings
Lost status Source of classification or shelving scheme Damaged status Not for loan Collection code Permanent Location Current Location Shelving location Date acquired Source of acquisition Total Checkouts Full call number Date last seen Copy number Koha item type
  Dewey Decimal Classification   Not For Loan Non-fiction Central Library, University of Rajshahi Central Library, University of Rajshahi Reading Room 23/06/1976 U.S.A   630.941 WAA 1949 30/01/2019 C-1 Books